| 000 | 02148nam1a2200349 i 4500 | ||
|---|---|---|---|
| 001 | RU\NLR\b_ik\197877 | ||
| 005 | 20260408005852.0 | ||
| 035 | _a(NLR Aleph) 002270259 | ||
| 090 |
_a3940558 _c3940558 |
||
| 100 | _a20121017g20119999u y0rusy50 ba | ||
| 101 | 0 |
_aeng _drus |
|
| 102 | _aRU | ||
| 105 | _a||||z ||||| | ||
| 200 | 1 |
_aRelativistic nuclear physics and quantum chromodynamics _eproceedings of the XX International Baldin seminar on high energy physics problems, ISHEPP XX, Dubna, October 4-9, 2010 _fed.: S.G. Bondarenko [et al.] |
|
| 210 |
_aDubna _cJoint inst. for nuclear research _d2011 |
||
| 215 | _d22 | ||
| 300 | _aВ вып. дан.: Релятивистская ядерная физика и квантовая хромодинамика: труды XX Международного Балдинского семинара по проблемам физики высоких энергий | ||
| 300 | _aВ надзаг.: Joint inst. for nuclear research | ||
| 300 | _aРез. на рус. яз. | ||
| 320 | _aБиблиогр. в конце докл. | ||
| 463 | 1 |
_1001RU\NLR\b_ik\195173 _1200##$aVol. 1 _0RU\NLR\b_ik\195173 _93905387 _cБ. м. _d2011 _pXV, 346 с. _tRelativistic nuclear physics and quantum chromodynamics. - Vol. 1 _y978-5-9530-0308-7 |
|
| 517 | 0 |
_aРелятивистская ядерная физика и квантовая хромодинамика _eтруды XX Международного Балдинского семинара по проблемам физики высоких энергий |
|
| 606 |
_aКвантовая хромодинамика _jСъезды, совещания и т.п. _9912362 _3RU\NLR\AUTH\6613752 |
||
| 606 |
_aРелятивистская ядерная физика _jСъезды, совещания и т.п. _92181919 _3RU\NLR\AUTH\661312056 |
||
| 686 | 1 | _aВ382.145я431(0) | |
| 686 | 1 | _aВ383я431(0) | |
| 702 | 1 |
_aBondarenko _bS. G. _4340 |
|
| 711 | 1 | 2 |
_8eng _aInternational seminar on high energy physics _d21 _f2012 _eDubna _7ba _3RU\NLR\AUTH\8810171005 _9837867 |
| 801 | 0 |
_aRU _bNLR _c20121017 _gRCR |
|
| 852 |
_aNLR _j2012-5/419 |
||
| 942 | _cBOOK | ||